Quero casa com janela (Record no. 173528)

MARC details
000 -LÍDER
campo de controle de tamanho fixo 00362 a2200169 4500
001 - NÚMERO DE CONTROLE
campo de controle 173528
020 ## - ISBN - INTERNATIONAL STANDARD BOOK NUMBER
ISBN - International Standard Book Number 85-08-02425-8
040 ## - FONTE DA CATALOGAÇÃO
Instituição que transcreveu o registro Magnum
100 ## - ENTRADA PRINCIPAL--NOME PESSOAL
Nome pessoal Sallut, Elza Cesar
240 10 - TÍTULO UNIFORME
Título uniforme Quero casa com janela
Idioma da obra por
245 10 - TÍTULO
Título Quero casa com janela
300 ## - DESCRIÇÃO FÍSICA
Extensão 24
362 0# - DATAS DE PUBLICAÇÃO E/OU DESIGNAÇÃO SEQUENCIAL
Datas de publicação e/ou designação sequencial 1990
440 #1 - DECLARAÇÃO DE SÉRIE/ENTRADA ADICIONADA--TÍTULO
Título Ática
697 ## - ENTRADA DE ASSUNTO LOCAL--ENTIDADE COLETIVA (RLIN)
Nome corporativo ou nome da jurisdição LITERATURA INFANTO
942 ## - ELEMENTOS DE ENTRADA ADICIONADOS (KOHA)
Tipo de material Koha Livros
Holdings
Situação do descarte Situação das perdas Situação física Não pode ser emprestado Biblioteca de origem Biblioteca atual Data de aquisição Total de empréstimos Número de chamada completo Código de barras Data de último acesso Data do preço efetivo Tipo de material Koha
        Magnum Magnum 08/06/2024   869.1.522 MAG00020802 08/06/2024 08/06/2024 Livros
        Magnum Magnum 08/06/2024   869.1.522 MAG00020803 08/06/2024 08/06/2024 Livros
        Magnum Magnum 08/06/2024   869.1.522 MAG00020804 08/06/2024 08/06/2024 Livros
        Magnum Magnum 08/06/2024   869.1.522 MAG00020805 08/06/2024 08/06/2024 Livros
        Magnum Magnum 08/06/2024   869.1.522 MAG00020806 08/06/2024 08/06/2024 Livros
        Magnum Magnum 08/06/2024   869.1.522 MAG00020807 08/06/2024 08/06/2024 Livros
        Magnum Magnum 08/06/2024   869.1.522 MAG00020808 08/06/2024 08/06/2024 Livros
        Magnum Magnum 08/06/2024   869.1.522 MAG00020809 08/06/2024 08/06/2024 Livros
        Magnum Magnum 08/06/2024   869.1.522 MAG00020810 08/06/2024 08/06/2024 Livros
        Magnum Magnum 08/06/2024   869.1.522 MAG00020811 08/06/2024 08/06/2024 Livros
        Magnum Magnum 08/06/2024   869.1.522 MAG00020812 08/06/2024 08/06/2024 Livros
        Magnum Magnum 08/06/2024   869.1.522 MAG00020813 08/06/2024 08/06/2024 Livros